La responsabilidad penal por las operaciones economicas de alto riesgo

Detalles Bibliográficos
Autor principal: Eiranova Encinas, Emilio
Formato: Desconocido
Lenguaje:español
Publicado: Madrid : Dykinson, 2002
Materias:
Acceso en línea:Acceso restringido

MARC

LEADER 00000ny a22000003n 4500
005 20110621110246.0
006 m u
007 cr cn|||||||||
008 200508r2002 sp |||||s|||||||||||spa d
020 |a 9788481559484 
035 |a 156 
040 |a FlNmELB  |c FlNmELB  |d vlex 
050 1 4 |a KKT4286  |b E359 2002eb 
080 |a 343.37 
090 |c 1328  |d 1328 
100 1 |a Eiranova Encinas, Emilio 
245 1 3 |a La responsabilidad penal por las operaciones economicas de alto riesgo  |h [Recurso electrn̤ico]  |c Emilio Eiranova Encinas 
256 |a Servicio en ln̕ea 
260 |a Madrid :  |b Dykinson,  |c 2002 
300 |a [5]-123 p 
506 1 |a Contenido solo disponible en los productos indicados  |d vLex Global  |d vLex Global (Academic Edition, excluding Law Schools)  |d vLex Global (U.S. Academic Edition, Law Schools)  |d vLex Global (U.S. Academic Edition, excluding Law Schools)  |d vLex Global (Academic Edition, Law Schools) 
650 0 7 |a Penal  |2 Tesauro vLex 
650 0 7 |a Responsabilidad penal  |2 Tesauro vLex 
740 0 |a vLex Libros (Servicios en ln̕ea) 
856 4 0 |u http://vlex.com/source/156  |z Acceso restringido 
942 |c BOOK